Personnages de jeux vidéos, de A à Z - Statistiques

Statistiques générales
  • Ce quiz a été pris 102 fois
  • Le résultat moyen est 11 sur 26
Statistiques - réponses
Indices Réponses % Correct
Grand amateur de bananes, est souvent accompagne de Diddy Donkey Kong
91%
Pokemon qui ne peut évoluer qu'une fois mais de 8 manières différentes Evoli
85%
Petit personnage rond et jaune, mangeur de fantômes Pac Man
79%
Petit dinosaure vert à longue langue allié de Mario Yoshi
76%
Ennemi principal récurrent du Héros dans la série Legend of Zelda Ganondorf
69%
La légende voulait qu un code secret permettait de dénuder cette aventurière Lara Croft
65%
Serie de jeux dont le protagoniste principal s'appelle Nathan Drake Uncharted
65%
Protagoniste principal de la série Hitman Agent 47
53%
Héros des jeux de plate forme du même nom et ennemi de Neo Cortex, a eu son propre jeu de karting Crash Bandicoot
53%
Apparu dans Super Mario Land 2, antagoniste du héros Wario
50%
Héros de jeux de plateformes qui fit face aux lapins crétins Rayman
48%
Soldat d'élite créé par Hideo Kojima Solid Snake
45%
Personnage principal de GTA IV, son nom est Bellic Niko
42%
Acolyte de Banjo dans ce jeu de plateforme édité par Rare Kazooie
38%
Créature rencontrée dans Alien Isolation Xenomorphe
37%
Membre particulièrement orgueilleux de l'équipage Starfox Falco
34%
Petit robot bleu créé par le professeur Light, peut copier les aptitudes des boss vaincus Megaman
31%
Nom de Jill dans la série Résident Evil Valentine
31%
Amie d'enfance de Cloud dans Final Fantasy VII Tifa
21%
De son vraie nom Cereza, sorcière survivante du clan de l'Umbra Bayonetta
20%
Combattant russe, spécialiste du catch de la série des Street Fighter Zangief
20%
Invocation de feu récurrente des Final Fantasy Ifrit
13%
Personnage de DragonBall, jouable dans l'opus The Breakers Oolong
10%
Personnages de Mortal Kombat, rival de Kano, ancien soldat des forces spéciales Jax
7%
Soi disant super-héros de l'univers de Ratchet et Clank Qwark
5%
Personnage jouable de Tekken, fils de Jinpachi Heihashi
3%
Aucun quiz correspondant
Distribution des résultats
% des personnes avec chaque résultat
Percentile par nombre de réponses
Votre historique - résultats
Vous n’avez pas pris ce quiz